| 000 | 00608nam a2200205Ii 4500 | ||
|---|---|---|---|
| 003 | JO-AjNU | ||
| 008 | 230605s9999||||xx |||||||||||||| ||und|| | ||
| 017 | _a2014/5/2060 | ||
| 040 |
_aJO-AjNU _bara _erda _cJO-AjNU |
||
| 041 | _aara | ||
| 050 | 1 | 4 | _aPN1995.T35 2014 |
| 100 | 3 |
_aطمليه،أحمد, _eauthor _950060 |
|
| 245 | 0 | 0 | _aذروة المشهد |
| 264 | 3 | 1 | _aعمان: وزارة الثقافة، 2014 |
| 300 | _a238ص | ||
| 336 |
_atext _btxt _2rdacontent |
||
| 337 |
_aunmediated _bn _2rdamedia |
||
| 338 |
_avolume _bnc _2rdacarrier |
||
| 650 | 4 |
_aالسينما - تاريخ ونقد _950061 |
|
| 999 |
_aA22027 _c25595 _d25595 |
||